| 000 | 00595pam a2200169 a 4500 | ||
|---|---|---|---|
| 020 | _a0471638471 (pbk.) : | ||
| 082 | 0 | 0 |
_a004.56 _bBOS _cL-02,P-171 |
| 100 | 1 |
_aBosshardt, Chris A. _936608 |
|
| 245 | 1 | 0 |
_aHard disk smarts : _beverything you need to choose and use your hard disk / _cChris A. Bosshardt. |
| 260 |
_aNew York : _bWiley, _cc1988. |
||
| 300 |
_axiv, 305 p. : _bill. ; _c26 cm. |
||
| 500 | _aIncludes index. | ||
| 526 |
_a0 _b0 _c0 _d004_560000000000000_BOS |
||
| 650 | 0 |
_aFile organization (Computer science) _936555 |
|
| 650 | 0 |
_aHard disks (Computer science) _936609 |
|
| 942 |
_2ddc _cBK |
||
| 999 |
_c541620 _d541620 |
||